La República de Florencia / (Registro nro. 3844)
[ vista simple ]
| 000 -LEADER | |
|---|---|
| fixed length control field | 01119nam a2200241Ia 4500 |
| 003 - CONTROL NUMBER IDENTIFIER | |
| control field | OSt |
| 005 - DATE AND TIME OF LATEST TRANSACTION | |
| control field | 20201005103629.0 |
| 008 - FIXED-LENGTH DATA ELEMENTS--GENERAL INFORMATION | |
| fixed length control field | 191128s1997 sp gr 000 0 spa d |
| 020 ## - INTERNATIONAL STANDARD BOOK NUMBER | |
| International Standard Book Number | 843400979x |
| 040 ## - CATALOGING SOURCE | |
| Original cataloging agency | CO-JMCR |
| Transcribing agency | CO-JMCR |
| 041 0# - LANGUAGE CODE | |
| Language code of text/sound track or separate title | spa |
| 082 04 - DEWEY DECIMAL CLASSIFICATION NUMBER | |
| Classification number | 945.5 / |
| Item number | G434r |
| Edition number | 23 |
| 100 1# - MAIN ENTRY--PERSONAL NAME | |
| Personal name | Giannotti, Donato, |
| Relator term | autor |
| 9 (RLIN) | 11168 |
| 245 13 - TITLE STATEMENT | |
| Title | La República de Florencia / |
| Statement of responsibility, etc. | Donato Giannotti ; traducción y estudio preliminar Antonio Hermosa Andújar ; presentación Carlos Restrepo Piedrahita |
| 260 ## - PUBLICATION, DISTRIBUTION, ETC. | |
| Place of publication, distribution, etc. | Madrid : |
| Name of publisher, distributor, etc. | Centro de Estudios Políticos y Constitucional, |
| Date of publication, distribution, etc. | 1997 |
| 300 ## - PHYSICAL DESCRIPTION | |
| Extent | lxiii, 199 páginas ; |
| Dimensions | 22 cm. |
| 490 0# - SERIES STATEMENT | |
| Series statement | Clásicos políticos |
| 505 0# - FORMATTED CONTENTS NOTE | |
| Formatted contents note | De los motivos que han movido al autor a escribir sobre la república de Florencia -- Que una república no puede ser ordenada sin tenerse en cuenta sus defectos particulares -- Que es menester establecer primero el ordenamiento civil y después |
| 651 #4 - SUBJECT ADDED ENTRY--GEOGRAPHIC NAME | |
| Geographic name | Florencia (Italia) |
| General subdivision | historia |
| 9 (RLIN) | 11169 |
| 700 1# - ADDED ENTRY--PERSONAL NAME | |
| Personal name | Hermosa Andújar, Antonio, |
| Relator term | traducción |
| 9 (RLIN) | 11170 |
| 700 1# - ADDED ENTRY--PERSONAL NAME | |
| Personal name | Restrepo Piedrahita, Carlos, |
| Relator term | presentación |
| 9 (RLIN) | 442 |
| 942 ## - ADDED ENTRY ELEMENTS (KOHA) | |
| Source of classification or shelving scheme | Dewey Decimal Classification |
| Koha item type | Books |
| Withdrawn status | Lost status | Source of classification or shelving scheme | Damaged status | Not for loan | Collection code | Home library | Current library | Date acquired | Source of acquisition | Full call number | Barcode | Date last seen | Copy number | Koha item type |
|---|---|---|---|---|---|---|---|---|---|---|---|---|---|---|
| Dewey Decimal Classification | Non-fiction | Biblioteca Pública José María del Castillo y Rada | Biblioteca Pública José María del Castillo y Rada | 12/01/2017 | Donación | 945.5 / G434r | 201808336 | 05/16/2024 | Ej.1 | Books |